000
00222 a2200097 4500
001
13279
100
_a
Kleiser,G.
245
_a
Good English in business
260
_a
_b
APH Publishing Corporatiion
_c
090
_c
10276
_d
10276
942
_a
NUST-CAE
_c
M
_c
310
999
_c
248352
_d
248352